Fundamentals of extension education and management extension / (Record no. 19913)

MARC details
000 -LEADER
fixed length control field 02613nam a22003497a 4500
008 - FIXED-LENGTH DATA ELEMENTS--GENERAL INFORMATION
fixed length control field 081216t xxu||||| |||| 00| 0 eng d
010 ## - LCCN (DPL NO)
LC control number B-272040-047
020 ## - INTERNATIONAL STANDARD BOOK NUMBER
International Standard Book Number 9788180693489
Terms of availability 650.00
020 ## - INTERNATIONAL STANDARD BOOK NUMBER
International Standard Book Number 8180693481
Terms of availability 650.00
035 ## - SYSTEM CONTROL NUMBER
System control number B-272040-047
040 ## - CATALOGING SOURCE
Original cataloging agency dpl
Language of cataloging English
082 ## - DEWEY DECIMAL CLASSIFICATION NUMBER
Classification number 378.175
100 ## - MAIN ENTRY--PERSONAL NAME
Personal name Jalihal, K.A.
245 ## - TITLE STATEMENT
Title Fundamentals of extension education and management extension /
Statement of responsibility, etc by K.A. Jalihal [and] V. Veerabhadraiah
260 ## - PUBLICATION, DISTRIBUTION, ETC. (IMPRINT)
Place of publication, distribution, etc New Delhi
Name of publisher, distributor, etc Concept Publishing
Date of publication, distribution, etc 2007
270 ## - ADDRESS
Address A/15-16, Commercial Block, Mohan Garden,
City New Delhi
Postal code 110059
300 ## - PHYSICAL DESCRIPTION
Extent xii, 312p.
Dimensions 22cm (Hb)
500 ## - GENERAL NOTE
General note Includes bibliographical references and index
700 ## - ADDED ENTRY--PERSONAL NAME
Personal name Veerabhadraiah, V.
942 ## - ADDED ENTRY ELEMENTS (KOHA)
Source of classification or shelving scheme Dewey Decimal Classification
Item type English Books
Classification part 378.175
Call number suffix JAL
Holdings
Withdrawn status Lost status Source of classification or shelving scheme Damaged status Not for loan Collection code Home library Current library Date acquired Source of acquisition Cost, normal purchase price Total Checkouts Full call number Barcode Date last seen Copy number Cost, replacement price Koha item type
    Dewey Decimal Classification     Non-fiction Bawana Bawana 02/01/2009   650.00   378.175 JAL B-272047 02/01/2009 1 650.00 English Books
    Dewey Decimal Classification     Non-fiction Central Library Central Library 16/12/2008 Book Link/046/30.5.08/42/16.5.08 650.00   378.175 JAL B-272040 16/12/2008 1 650.00 English Books
    Dewey Decimal Classification     Non-fiction Karol Bagh Karol Bagh 02/01/2009   650.00   378.175 JAL B-272045 02/01/2009 1 650.00 English Books
    Dewey Decimal Classification     Non-fiction Kasturba Gandhi Marg Kasturba Gandhi Marg 02/01/2009   650.00   378.175 JAL B-272042 02/01/2009 1 650.00 English Books
    Dewey Decimal Classification     Non-fiction Narela Narela 02/01/2009   650.00   378.175 JAL B-272046 02/01/2009 1 650.00 English Books
Withdrawn   Dewey Decimal Classification     Non-fiction Patel Nagar Patel Nagar 02/01/2009   650.00   378.175 JAL B-272041 02/01/2009 1 650.00 English Books
    Dewey Decimal Classification     Non-fiction Peshwa Road Peshwa Road 02/01/2009   650.00   378.175 JAL B-272043 02/01/2009 1 650.00 English Books
    Dewey Decimal Classification     Non-fiction Sarojini Nagar Sarojini Nagar 02/01/2009   650.00   378.175 JAL B-272044 11/02/2019 1 650.00 English Books
    Dewey Decimal Classification     Non-fiction Vinoba Puri Vinoba Puri 02/01/2009 Book Link/081/6.8.08/118/21.7.08/ 650.00   378.175 JAL B-284381 02/01/2009 1 650.00 English Books

© Delhi Public Library
Hit Counter
free hit counter